Elogio de Quito (Registro nro. 21425)
[ vista simple ]
| 000 -CABECERA | |
|---|---|
| Longitud fija campo de control | 00940nam a2200289Ia 4500 |
| 001 - NÚMERO DE CONTROL | |
| Número de control | 404619 |
| 003 - IDENTIFICADOR DEL NÚMERO DE CONTROL | |
| Identificador del número de control | EC-QuCCB |
| 005 - FECHA Y HORA DE LA ÚLTIMA TRANSACCIÓN | |
| Fecha y hora de la última transacción | 20230816163850.0 |
| 007 - CAMPO FIJO DE DESCRIPCIÓN FÍSICA--INFORMACIÓN GENERAL | |
| Campo fijo de descripción física | ta |
| 008 - DATOS DE LONGITUD FIJA--INFORMACIÓN GENERAL | |
| Códigos de información de longitud fija | 130917s1950 es a gr 001 0dspa d |
| 040 ## - FUENTE DE LA CATALOGACIÓN | |
| Centro catalogador de origen | EC-QuCCB |
| 041 1# - CÓDIGO DE LENGUA | |
| Código de lengua del texto;banda sonora o título independiente | spa |
| -- | eng |
| 043 ## - CÓDIGO DE ÁREA GEOGRÁFICA | |
| Código de área geográfica | s-ec-pi |
| 082 0# - NÚMERO DE LA CLASIFICACIÓN DECIMAL DEWEY | |
| Número de clasificación | 709.866132 |
| Número de documento | L1115 |
| 100 1# - ENTRADA PRINCIPAL--NOMBRE DE PERSONA | |
| Nombre de persona | La Orden Miracle, Ernesto, |
| 9 (RLIN) | 22251 |
| Fechas asociadas con el nombre | 1911-2000 |
| 245 10 - MENCIÓN DE TÍTULO | |
| Título | Elogio de Quito |
| Mención de responsabilidad, etc. | Ernesto La Orden Miracle |
| 260 ## - PUBLICACIÓN, DISTRIBUCIÓN, ETC. (PIE DE IMPRENTA) | |
| Lugar de publicación, distribución, etc. | Bilbao, España : |
| Nombre del editor, distribuidor, etc. | Ediciones Cultura Hispánica, |
| Fecha de publicación, distribución, etc. | 1950 |
| 300 ## - DESCRIPCIÓN FÍSICA | |
| Extensión | [216] h. de lám,122, [6] páginas : |
| Otros detalles físicos | ilustraciones ; |
| Dimensiones | 29 cm |
| 336 ## - TIPO DE CONTENIDO | |
| Content type term | texto |
| Content type code | txt |
| 337 ## - TIPO DE MEDIO | |
| Media type term | no mediado |
| Media type code | n |
| 338 ## - TIPO DE PORTADOR | |
| Carrier type term | volumen |
| Carrier type code | nc |
| 500 ## - NOTA GENERAL | |
| Nota general | Índice en inglés y español. -- Antecede al título Cuadro de arte dirigidos por Luis M. Feduchi |
| 650 #4 - PUNTO DE ACCESO ADICIONAL DE MATERIA--TÉRMINO DE MATERIA | |
| Nombre de materia o nombre geográfico como elemento de entrada | Arte ecuatoriano |
| 9 (RLIN) | 11021 |
| Nombre de materia o nombre geográfico como elemento de entrada | Pintura ecuatoriana |
| 9 (RLIN) | 14925 |
| 651 #4 - PUNTO DE ACCESO ADICIONAL DE MATERIA--NOMBRE GEOGRÁFICO | |
| 9 (RLIN) | 17752 |
| Nombre geográfico | Quito (Pichincha, Ecuador) |
| Subdivisión de materia general | Historia |
| 942 ## - ELEMENTOS DE PUNTO DE ACCESO ADICIONAL (KOHA) | |
| Fuente de clasificaión o esquema | Dewey Decimal Classification |
| Koha [por defecto] tipo de item | Monografía |
| Suprimido | Perdido | Fuente de clasificación o esquema | Estropeado | No se presta | Localización (Biblioteca) | Localización actual | Localización en estanterías | Fecha adquisición | Clasificación completa | Designación de pieza (código de barras) | Fecha última consulta | Número de ejemplar | Fecha del precio de reemplazo | Tipo de item de Koha |
|---|---|---|---|---|---|---|---|---|---|---|---|---|---|---|
| Disponible | Dewey Decimal Classification | Sin daños | Disponible para préstamo | Biblioteca CCE - Tungurahua | Biblioteca CCE - Tungurahua | En Col. | 03/09/2015 | 918.661 L299 | CCETUN-003492 | 03/09/2015 | Ej.1 | 03/09/2015 | Monografía |























